Statistics for Maps of World Regions

Click here to take the quiz!

General Stats

  • This quiz has been taken 775 times
    (768 since last reset)
  • The average score is 11 of 16

Answer Stats

Answer% Correct
EU
95%
Horn of Africa
83%
Eurasia
80%
Iberia
80%
Arabian Peninsula
76%
Siberia
76%
NATO
75%
New England
74%
The Baltics
72%
The Balkans
68%
Newfoundland and Labrador
66%
British Isles
65%
Eastern Europe
63%
Sub-Saharan Africa
57%
Manchuria
56%
Maghreb
47%

Score Distribution

Percentile by Number Answered

Percent of People with Each Score

Your Score History

You have not taken this quiz since the last reset